[Event "SLO-chT3 West"]
[Site "Postojna"]
[Date "2013.11.23"]
[Round "2"]
[White "Veskovic, Dzemal"]
[Black "Trplan, Filip"]
[Result "1-0"]
[WhiteElo "1962"]
[BlackElo "1248"]
[PlyCount "73"]
[EventDate "2013.11.22"]
[EventType "team"]
[EventRounds "5"]
[EventCountry "SLO"]
[SourceTitle "EXT 2015"]
[Source "ChessBase"]
[SourceDate "2014.11.20"]
[SourceVersion "1"]
[SourceVersionDate "2014.11.20"]
[SourceQuality "1"]

1. e4 d6 2. Nc3 Nf6 3. h3 g6 4. d4 Bg7 5. Nf3 0-0 6. Be3 Nbd7 7. Qd2 b6 8. Bh6 Bb7 9. Bxg7 Kxg7 10. Bd3 c5 11. d5 a6 12. 0-0 b5 13. b3 b4 14. Nd1 a5 15. Qg5 Ba6 16. Ne3 e6 17. e5 Bxd3 18. exf6+ Qxf6 19. Qxf6+ Nxf6 20. cxd3 exd5 21. d4 Rfe8 22. Rac1 Rac8 23. Rfd1 Red8 24. g4 Rd7 25. g5 Ne4 26. Nxd5 Re8 27. Re1 Rdd8 28. h4 cxd4 29. Nxd4 Nc5 30. Nf6 Rf8 31. Re7 h5 32. Rxc5 dxc5 33. Ne6+ Kh8 34. Nxd8 Rxd8 35. Rxf7 Rd7 36. Rxd7 a4 37. Rh7# 1-0